Statistics for World Capitals Containing the Letter L

Click here to take the quiz!

General Stats

  • This quiz has been taken 1,562 times
  • The average score is 44 of 54

Answer Stats

ContinentCapital% Correct
South AmericaLima
96%
EuropeLisbon
96%
EuropeLondon
94%
AfricaLuanda
93%
EuropeHelsinki
91%
EuropeLjubljana
91%
South AmericaBrasilia
90%
South AmericaLa Paz
90%
AfricaLusaka
90%
EuropeLuxembourg
90%
OceaniaWellington
88%
AfricaAlgiers
87%
EuropeTallinn
87%
EuropeBratislava
86%
EuropeDublin
86%
AfricaLibreville
86%
AfricaLilongwe
86%
AfricaLomé
86%
EuropeValletta
86%
EuropeAndorra la Vella
85%
EuropeOslo
85%
EuropeStockholm
85%
EuropeVilnius
85%
EuropeBerlin
84%
AsiaIslamabad
84%
EuropeBelgrade
83%
North AmericaBelmopan
83%
AsiaKuala Lumpur
83%
AfricaBrazzaville
82%
EuropeBrussels
81%
AsiaJerusalem
81%
AsiaNew Delhi
81%
AfricaKigali
80%
AsiaManila
80%
AsiaMale
79%
AfricaPort Louis
79%
AsiaSeoul
79%
North AmericaGuatemala City
78%
OceaniaPort-Vila
78%
AfricaTripoli
78%
AfricaKampala
77%
AsiaUlaanbaatar
77%
OceaniaPalikir
76%
AsiaTbilisi
76%
AsiaDili
75%
AsiaKabul
74%
North AmericaSan Salvador
72%
AfricaMalabo
71%
OceaniaNuku'alofa
70%
North AmericaTegucigalpa
70%
AfricaBloemfontein
68%
AfricaBanjul
67%
OceaniaNgerulmud
65%
AsiaNur-Sultan
46%

Score Distribution

Percentile by Number Answered

Percent of People with Each Score

Your Score History

You have not taken this quiz